| Tag |
First Indicator |
Second Indicator |
Subfields |
| LEADER |
00000cam a2200000 i 4500 |
| 001 |
in00003598430 |
| 005 |
20211120173254.0 |
| 006 |
m o d f |
| 007 |
cr mn||||||||| |
| 008 |
140703s1919 dcuabf ob f000 0 eng c |
| 019 |
|
|
|a 760612542
|
| 035 |
|
|
|a (OCoLC)ocn882581899
|
| 040 |
|
|
|a COP
|b eng
|e rda
|e pn
|c COP
|d OCLCO
|d OCLCE
|d OCLCF
|d OCLCA
|d GPO
|d MvI
|d UtOrBLW
|
| 042 |
|
|
|a pcc
|
| 043 |
|
|
|a n-us-ak
|
| 049 |
|
|
|a WWW
|
| 074 |
|
|
|a 0620 (online)
|
| 086 |
0 |
|
|a I 19.3:699
|
| 100 |
1 |
|
|a Eakin, Henry M.
|q (Henry Miner),
|d 1883-1936,
|e author.
|0 http://id.loc.gov/authorities/names/no2003033802
|
| 245 |
1 |
4 |
|a The Porcupine gold placer district, Alaska /
|c by Henry M. Eakin.
|
| 264 |
|
1 |
|a [Washington, D.C.] :
|b Department of the Interior, United States Geological Survey,
|c 1919.
|
| 264 |
|
2 |
|a Washington :
|b Government Printing Office
|
| 300 |
|
|
|a 1 online resource (29 pages, VIII pages of plates) :
|b illustrations, maps (some color).
|
| 336 |
|
|
|a text
|b txt
|2 rdacontent
|
| 337 |
|
|
|a computer
|b c
|2 rdamedia
|
| 338 |
|
|
|a online resource
|b cr
|2 rdacarrier
|
| 490 |
1 |
|
|a Bulletin / Department of the Interior, United States Geological Survey ;
|v 699
|
| 500 |
|
|
|a Title from title screen (viewed July 3, 2014).
|
| 504 |
|
|
|a Includes bibliographical references.
|
| 650 |
|
0 |
|a Gold mines and mining
|z Alaska.
|0 http://id.loc.gov/authorities/subjects/sh97000825
|
| 650 |
|
0 |
|a Geology, Economic
|z Alaska.
|
| 650 |
|
0 |
|a Geology
|z Alaska.
|0 http://id.loc.gov/authorities/subjects/sh87000220
|
| 650 |
|
7 |
|a Gold mines and mining.
|2 fast
|0 (OCoLC)fst00944469
|
| 651 |
|
7 |
|a Alaska.
|2 fast
|0 (OCoLC)fst01204480
|
| 710 |
2 |
|
|a Geological Survey (U.S.),
|e issuing body.
|0 http://id.loc.gov/authorities/names/n80092173
|
| 776 |
0 |
8 |
|i Print version:
|a Eakin, Henry M. (Henry Miner), 1883-1936.
|t Porcupine gold placer district, Alaska
|w (DLC)gs 20000006
|w (OCoLC)4174624
|
| 830 |
|
0 |
|a Bulletin (Geological Survey (U.S.)) ;
|v no. 699.
|0 http://id.loc.gov/authorities/names/no2010146370
|
| 856 |
4 |
0 |
|u https://purl.fdlp.gov/GPO/gpo60001
|t 0
|
| 999 |
f |
f |
|s db83f82f-ff7a-30d0-8c93-656ab6fd1ff6
|i 8f8aee41-20b3-3e3c-a23b-73dcd6a324db
|t 0
|
| 952 |
f |
f |
|a Texas A&M University
|b College Station
|c Electronic Resources
|d Available Online
|t 0
|e I 19.3:699
|h Superintendent of Documents classification
|
| 998 |
f |
f |
|a I 19.3:699
|t 0
|l Available Online
|